States by Letter Map Quiz - Statistics

General Stats
  • This quiz has been taken 36 times
  • The average score is 16 of 19
Answers on the Map
Answers color-coded by a green-red scale on the quiz's map according to % correct below.
 
Answer Stats
Answer % Correct
C
100%
F
97%
W
97%
H
93%
I
90%
L
90%
A
87%
P
87%
S
87%
T
87%
M
83%
R
83%
V
83%
G
80%
O
80%
U
80%
D
77%
K
77%
N
77%
No matching quizzes found
Score Distribution
Percent of People with Each Score
Percentile by Number Answered
Your Score History
You have not taken this quiz